Environmental issues and management in Nigerian development (Record no. 29696)

MARC details
000 -LEADER
fixed length control field 00556nam a2200181Ia 4500
020 ## - INTERNATIONAL STANDARD BOOK NUMBER
ISBN 9781673826
050 ## - CALL MARK
Classification number HC 1055.Z9 .S23/
100 ## - STATEMENT OF RESPONSIBILITY--MAIN AUTHOR NAME
Personal name Edited by, Sada, P.O.and F.O. Odemerho.
245 #0 - TITLE STATEMENT
Title Environmental issues and management in Nigerian development
260 ## - PUBLICATION, DISTRIBUTION, ETC. (IMPRINT)
Place of publication Ibadan, Nigeria
260 ## - PUBLICATION, DISTRIBUTION, ETC. (IMPRINT)
Name of publisher Evans Brothers (Nigeria Publishers) Ltd.,
260 ## - PUBLICATION, DISTRIBUTION, ETC. (IMPRINT)
Year of publication 1988
300 ## - PHYSICAL DESCRIPTION
Number of Pages 409 p
650 ## - SUBJECT ADDED ENTRY--TOPICAL TERM
Topical Term Environmental policy--Nigeria. Nigeria--Economic policy.
942 ## - ADDED ENTRY ELEMENTS (KOHA)
Koha item type Books
Holdings
Withdrawn status Lost status Source of classification or shelving scheme Damaged status Not for loan Permanent Location Current Location Date acquired Accession Number Price effective from Koha item type
    Library of Congress Classification     NILE UNIVERSITY OF NIGERIA - MAIN LIBRARY NILE UNIVERSITY OF NIGERIA - MAIN LIBRARY 04/23/2025 0194529 04/23/2025 Books